000 01425aam a2200301 i 4500
001 768714001
003 CO-MdFUSB
005 20240214122809.0
007 ta
008 231017t20022002flua||ag |||| 00| 0 spa d
020 _a9588201128
040 _aCO-MdFUSB
_bspa
_cCO-MdFUSB
_dCO-MdFUSBC
_erda
041 _aspa
082 _223
_a269.26
_bM149
100 _aMacHarg, Kenneth D.
_eautor
245 1 3 _aLa proclamación del evangelio
_b : pautas para programadores locales de radios cristianas alrededor del mundo
_c/ Kenneth D. MacHarg
264 1 _aMiami, Florida :
_bMisión Latinoamericana,
_c[2002]
264 4 _c©2002
300 _a113 páginas
_c; 21 cm
336 _2rdacontent
_atexto
_btxt
337 _2rdamedia
_asin mediación
_bn
338 _2rdacarrier
_avolumen
_bnc
505 _aFelicitaciones -- La Biblia señala el camino -- Lo primero es lo primero -- Ahora es el momento de empezar -- Preparación y producción -- Independiente, local o internacionalmente -- Promoción y publicidad -- El seguimiento -- Financiamiento -- Unos cuantos pensamientos finales -- Apéndice A: Diez pasos para instalar una estación de baja potencia -- Apéndice B: Otros recursos publicados -- Apéndice C: Lista de recursos para programación -- Apéndice D: Ayuda técnica.
563 _aRústico.
650 0 _9362
_aEvangelización
_2embne
_xAspectos religiosos
_xCristianismo
942 _cBK
945 _asor1564
999 _c69166
_d69166